[Event "Ch Bayern (seniors)"]
[Site "masterchessopen.com Schloss Schney (Germany)"]
[Date "2003.06.17"]
[Round "5"]
[White "Wimmer Herbert (GER)"]
[Black "Reichenbacher Gerhard (GER)"]
[Result "1-0"]
[WhiteElo "2234"]
[BlackElo "1871"]

1.d4 Nf6 2.c4 g6 3.Nc3 Bg7 4.e4 d6 5.Be2 O-O 6.Bg5 h6 7.Be3 c6 8.g4 Qa5 9.f3
c5 10.d5 e6 11.Qd2 exd5 12.cxd5 Kh7 13.g5 hxg5 14.Bxg5 Re8 15.O-O-O Nbd7
16.Nh3 Ne5 17.Qf4 Nh5 18.Qh4 b5 19.f4 f6 20.Bxh5 fxg5 21.Bxg6+ Kg8 22.Qh7+ Kf8
23.fxe5 Rxe5 24.Rhf1+ {#r} 1-0

[Event "It (open)"]
[Site "masterchessopen.com Dresden (Germany)"]
[Date "2003.07.30"]
[Round "6"]
[White "Schnur Gerhard (GER)"]
[Black "Kiessling Andreas (GER)"]
[Result "1-0"]
[WhiteElo "2142"]
[BlackElo "2087"]

1.d4 Nf6 2.c4 g6 3.Nc3 Bg7 4.e4 d6 5.Be2 O-O 6.Bg5 h6 7.Be3 Nbd7 8.Qd2 Kh7
9.f3 c5 10.d5 a6 11.a4 Ne5 12.Ra3 Qb6 13.a5 Qc7 14.g4 Ng8 15.h4 Bd7 16.Nh3 b5
17.axb6 Qxb6 18.Na2 a5 19.Nf2 Bc8 20.f4 Nd7 21.Nc3 Qb4 22.h5 Nb6 23.hxg6+ fxg6
24.f5 Nxc4 25.Bxc4 Qxc4 26.fxg6+ Kxg6 27.g5 Be5 28.Qd1 Bf4 29.Ra4 Qa6 30.Qh5+
Kh7 31.Bxf4 Rxf4 32.gxh6 Rf6 33.Rg1 Bd7 34.Qg5 {#r} 1-0

[Event "Bayern Regionalliga Southeast 2003/04"]
[Site "masterchessopen.com Bayern (Germany)"]
[Date "2003.11.23"]
[Round "3"]
[White "Pronold Herbert"]
[Black "Hock Martin (GER)"]
[Result "1-0"]
[WhiteElo "1996"]
[BlackElo "2188"]

1.d4 Nf6 2.c4 g6 3.Nc3 Bg7 4.e4 d6 5.Be2 O-O 6.Bg5 h6 7.Be3 e5 8.d5 a6 9.Qd2
Kh7 10.f3 Bd7 11.g4 Ng8 12.h4 Qe8 13.h5 g5 14.Nh3 Bf6 15.b4 Be7 16.Nf2 Nf6
17.Kf1 c6 18.a4 a5 19.dxc6 Nxc6 20.b5 Nb4 21.Kg2 Be6 22.Rhc1 Nd7 23.Nd5 Bxd5
24.cxd5 Rc8 25.Nh1 Rxc1 26.Rxc1 Qb8 27.Ng3 Rc8 28.Nf5 Bf8 29.b6 Kg8 30.Bb5
Rxc1 31.Qxc1 Nc5 32.Bxg5 hxg5 33.Qxg5+ Kh7 34.Qf6 Kg8 35.h6 Nbd3 36.Ne7+ Kh7
37.Qxf7+ {#r} 1-0

[Event "Bundesliga 2003/04 (w)"]
[Site "masterchessopen.com Germany"]
[Round "5"]
[White "Kas-Fromm Rita Dr (GER)"]
[Black "Leib Britta (GER)"]
[Result "1-0"]
[WhiteElo "2244"]
[BlackElo "2062"]

1.d4 Nf6 2.c4 g6 3.Nc3 Bg7 4.e4 d6 5.Be2 O-O 6.Bg5 h6 7.Be3 c6 8.g4 Qa5 9.f3
a6 10.Qd2 Kh7 11.g5 hxg5 12.Bxg5 e5 13.d5 cxd5 14.cxd5 Nbd7 15.h4 Re8 16.Nh3
Kg8 17.Kf2 Nh5 18.Rag1 Ndf6 19.Kf1 Bd7 20.Nf2 Rac8 21.Ng4 Nh7 22.Bh6 Bh8
23.Ne3 N7f6 24.Nf5 Qc7 25.Qg5 Kh7 26.Bf8 Rxf8 27.Qh6+ Kg8 28.Ne7# 1-0

[Event "Ch Slovakia (team) 2004/05 (1 liga) West"]
[Site "masterchessopen.com Slovakia"]
[Round "1"]
[White "Rakay Kvetoslav (SVK)"]
[Black "Heinrich Jan (SVK)"]
[Result "0-1"]
[WhiteElo "2116"]
[BlackElo "2109"]

1.d4 Nf6 2.c4 g6 3.Nc3 Bg7 4.e4 d6 5.Be2 O-O 6.Bg5 h6 7.Bh4 c5 8.d5 Qa5 9.Qd2
a6 10.f3 Nbd7 11.Nh3 Rb8 12.a4 Ne5 13.Nf2 g5 14.Bg3 Nh5 15.O-O Ng6 16.Nd3 Nxg3
17.hxg3 Bd4+ 18.Kh1 f5 19.exf5 Bxf5 20.f4 g4 21.Nc1 Qd8 22.Nb3 Bg7 23.Bd3 Qe8
24.Rfe1 Nxf4 25.Bxf5 Rxf5 26.Kg1 Nh5 27.Qd3 Re5 28.Rf1 Nf6 29.Rae1 Rxe1
30.Rxe1 Qf7 31.Qf5 Rf8 32.Na5 Nh5 33.Qxf7+ Rxf7 34.Nxb7 Bd4+ 35.Kh2 Bf2 36.Re6
Bxg3+ 37.Kg1 Bf2+ 38.Kf1 Ng3# 0-1

[Event "Ch Russia (juniors) (under 14)"]
[Site "masterchessopen.com Dagomys (Russia)"]
[Round "3"]
[White "Zubritskiy Artyom (RUS)"]
[Black "Toder Denis (RUS)"]
[Result "1-0"]
[WhiteElo "2261"]
[BlackElo "2150"]

1.d4 Nf6 2.c4 g6 3.Nc3 Bg7 4.e4 d6 5.Be2 O-O 6.Bg5 h6 7.Be3 Nbd7 8.Qd2 Kh7
9.g4 e5 10.d5 Nc5 11.f3 c6 12.h4 cxd5 13.cxd5 h5 14.O-O-O b5 15.Bxb5 Rb8
16.gxh5 Nxh5 17.Rh2 Qa5 18.Bc4 Na4 19.Nxa4 Qxa4 20.b3 Qa3+ 21.Qb2 Qa5 22.Rc2
f5 23.Nh3 Bf6 24.Ng5+ Bxg5 25.Bxg5 fxe4 {#r} 1-0

[Event "It (open)"]
[Site "masterchessopen.com Santxenxo (Spain)"]
[Date "2004.06.17"]
[Round "5"]
[White "Patino Romaris Juan Roberto (ESP)"]
[Black "Perez Negro Jose M (ESP)"]
[Result "1-0"]
[WhiteElo "2184"]
[BlackElo "2203"]

1.d4 g6 2.c4 Nf6 3.Nc3 Bg7 4.e4 d6 5.Be2 O-O 6.Bg5 h6 7.Be3 e5 8.d5 Kh7 9.h4
Nbd7 10.h5 Rh8 11.hxg6+ fxg6 12.g4 Nc5 13.f3 Kg8 14.Qd2 g5 15.O-O-O Nh7 16.Kb1
Nf8 17.Bd3 Ng6 18.Bc2 a6 19.Rc1 Qe8 20.Nge2 b5 21.b4 Nd7 22.cxb5 Nb6 23.Bd3
axb5 24.Nxb5 Rb8 25.Nxc7 Qa4 26.Bb5 Qa3 27.Qc3 Qa7 28.a4 Qb7 29.a5 Na8 30.a6
Qxc7 31.Qxc7 Nxc7 32.Rxc7 Rxb5 33.Rxc8+ Kh7 34.Rxh8+ Bxh8 35.Bd2 {#r} 1-0

[Event "It (open)"]
[Site "masterchessopen.com Balatonlelle (Hungary)"]
[Date "2004.07.20"]
[Round "2"]
[White "Kohalmi Endre (HUN)"]
[Black "Pesztericz Laszlo (HUN)"]
[Result "0-1"]
[WhiteElo "2037"]
[BlackElo "2295"]

1.d4 Nf6 2.c4 g6 3.Nc3 Bg7 4.e4 d6 5.Be2 O-O 6.Bg5 h6 7.Be3 c5 8.d5 e6 9.Qd2
exd5 10.exd5 Kh7 11.h3 Na6 12.a3 Nc7 13.Nf3 Bd7 14.O-O a6 15.Bf4 Bf5 16.Bd3
Bxd3 17.Qxd3 b5 18.cxb5 axb5 19.Nxb5 Nxb5 20.Qxb5 Nxd5 21.Bc1 Nc7 22.Qd3 d5
23.Bf4 Bxb2 24.Bxc7 Qxc7 25.Ra2 c4 26.Qxd5 c3 27.Qb3 Rab8 28.Qc2 Qc4 {#R} 0-1

[Event "Ch Spain (team) (1 Div)"]
[Site "masterchessopen.com Ciudad Real (Spain)"]
[Date "2004.08.28"]
[Round "6"]
[White "Herraiz Hidalgo Herminio (ESP)"]
[Black "Socko Bartosz (POL)"]
[Result "0-1"]
[WhiteElo "2474"]
[BlackElo "2570"]

{ Herraiz Hidalgo Herminio (ESP) +0 =2 -0 Herraiz Hidalgo Herminio (ESP) +0 =2
-0 } 1.d4 { 1 } 1...Nf6 2.c4 g6 3.Nc3 Bg7 4.e4 d6 5.Be2 O-O 6.Bg5 h6 7.Be3
Nbd7 8.Qd2 c5 { ?/= } 9.dxc5 ( 9.d5 Kh7 10.h3 b5 11.cxb5 a6 12.Nf3 Qa5 13.b6
Nxb6 14.O-O Na4 15.Bd3 Nxc3 16.bxc3 Bd7 17.c4 Qxd2 18.Bxd2 Ba4 19.Rab1 Rfb8
20.Rxb8 Rxb8 21.Rb1 Rxb1+ 22.Bxb1 Nd7 { 1/2-1/2, Alterman Boris 2600 - Shirov
Alexei 2720 , Elista 1998 Olympiad } ) 9...Nxc5 10.f3 Kh7 ( 10...h5 11.e5 Nh7
12.f4 Bg4 13.h3 Bxe2 14.Ngxe2 Rc8 15.exd6 Qxd6 { 1/2-1/2, Levin Felix 2531 -
Lanka Zigurds 2498 , Hamburg 2001 Ch Hamburg (open) } ) 11.e5 ( 11.O-O-O Be6
12.Kb1 Nfd7 13.Nh3 Ne5 14.Bd4 Bxh3 15.gxh3 Ne6 16.Be3 Rc8 17.Nd5 Nxc4 18.Bxc4
Rxc4 19.Bxa7 Qe8 20.Rc1 b5 21.Be3 Qd7 22.Nb6 Rxc1+ 23.Rxc1 Qb7 24.Nd5 f5 25.a3
fxe4 26.fxe4 Rf3 27.Rg1 b4 28.axb4 Nf8 29.Rc1 Ne6 30.Qg2 Rf7 { ...1-0, Raetsky
Alexander 2425 - Safranska Anda 2337 , Zurich 2000 It (open) } ) ( 11.g4 Qa5
12.Rb1 Qb4 13.h4 Be6 14.Nd5 Qxd2+ 15.Kxd2 Bxd5 16.cxd5 Nfd7 17.Nh3 Rfc8
18.Rhc1 Na4 19.Rxc8 Rxc8 20.Bxa7 Nxb2 21.Be3 Nc5 22.Rc1 b6 23.Bxc5 bxc5 24.Kc2
Ra8 25.Nf2 Rxa2 26.Kb3 Ra8 27.Nd1 Rb8+ 28.Kc2 Na4 29.Rb1 Rxb1 30.Kxb1 Bd4 {
...1/2-1/2, Twardon Marian 2325 - Skalik Przemyslaw 2398 , Wisla 1992 It
(open) } ) 11...Ng8 { N ^254 ^00 ^00 ^00 ^04 ! } ( 11...Nfd7 12.exd6 exd6
13.Nh3 Nb6 ( 13...Ne5 14.Nf4 Ne6 15.O-O Nxf4 16.Bxf4 Be6 17.b3 Qa5 18.Rac1
Rad8 19.Rfd1 Nc6 20.Kh1 Nd4 21.Bf1 a6 22.Be3 Nf5 23.Bf2 Ne7 24.Na4 Qxd2
25.Rxd2 d5 26.Rcd1 d4 27.Bxd4 Rxd4 28.Rxd4 Bxd4 29.Rxd4 Nc6 30.Rd2 Re8 31.Kg1
{ ...1-0, Levin Felix 2475 - Hausrath Daniel 2415 , Germany 1997 Bundesliga
(2nd) 1997/98 } ) 14.Nf4 Nba4 15.Nxa4 Nxa4 16.Bd4 Bxd4 17.Qxd4 Qa5+ 18.Kf2 Qe5
19.Qxe5 dxe5 20.Nd5 a5 21.b3 Nc5 22.Nc7 Rb8 23.Rhd1 Ne6 24.Nb5 Re8 25.Nd6 Re7
26.Rd5 Nd4 27.Rxa5 Bd7 28.b4 Bc6 29.c5 b6 30.cxb6 Nxe2 31.Kxe2 { ...1-0,
Korchnoi Viktor 2639 - Schebler Gerhard 2476 , Netherlands 2001 Ch Netherlands
(team) 2001 } ) 12.Rd1 Be6 13.exd6 exd6 14.b4 Nd7 15.Ne4 Nb6 16.Nxd6 Qe7 17.c5
Nd5 18.Bd4 Bxd4 19.Qxd4 a5 20.b5 { ? } ( { ? } 20.Bc4 Nxb4 21.Kf2 b6 22.Bxe6 {
} ) 20...b6 21.Ne4 { ! } ( 21.Bc4 bxc5 22.Qe5 Rad8 23.Rxd5 { } ) 21...f5
22.Nf2 { ? } ( { ? } 22.Nc3 Rad8 23.cxb6 Qg5 24.g3 { } ) 22...bxc5 23.Qe5 Nb4
{ ? } ( { ? } 23...Ngf6 24.Bc4 Rae8 25.Bxd5 Nxd5 { } ) 24.a4 { ?! } ( 24.Nd3 {
!? } 24...Nxd3+ 25.Rxd3 Rae8 26.Nh3 { } ) 24...Nc2+ 25.Kd2 Nd4 26.Kc3 Qh4
27.Nd3 Rae8 28.g3 Nxe2+ 29.Nxe2 Qxa4 30.Ra1 Qb3+ 31.Kd2 Bc4 32.Nec1 Rxe5
33.Nxb3 Rd8 { } {#R} 0-1

[Event "Match \"]
[Site "masterchessopen.com Budapest (Hungary)"]
[Date "2004.09.16"]
[Round "1"]
[White "Berkes Ferenc (HUN)"]
[Black "Graf Alexander (GER)"]
[Result "0-1"]
[WhiteElo "2630"]
[BlackElo "2646"]

1.d4 Nf6 2.c4 g6 3.Nc3 Bg7 4.e4 d6 5.Be2 O-O 6.Bg5 h6 7.Be3 c5 8.dxc5 Qa5
9.Bd2 Qxc5 10.Nf3 Bg4 11.O-O Nc6 12.Be3 Qa5 13.Rc1 Rfc8 14.Nd2 Bxe2 15.Qxe2
Nd7 16.a3 Qd8 17.f3 a5 18.Na4 Nc5 19.Nxc5 dxc5 20.Nb1 Qb6 21.Nc3 Qb3 22.Kh1 e6
23.f4 Nd4 24.Qf2 Rd8 25.e5 Qxc4 26.Ne4 Qd5 27.Nxc5 Nf5 28.Rc3 Bf8 29.Rd3 Qc6
30.Rc3 Rac8 31.Rfc1 Nxe3 32.Nd3 Rxd3 {#R} 0-1

[Event "Ch World (seniors) (team)"]
[Site "masterchessopen.com Port Erin (England)"]
[Date "2004.10.06"]
[Round "2"]
[White "Wheeler John Francis (ENG)"]
[Black "Williams Chris"]
[Result "1-0"]
[WhiteElo "2209"]
[BlackElo "1968"]

1.d4 Nf6 2.c4 g6 3.Nc3 Bg7 4.e4 d6 5.Be2 O-O 6.Bg5 h6 7.Be3 c5 8.dxc5 Qa5
9.Bd2 Qxc5 10.Nf3 Be6 11.Rc1 Kh7 12.O-O Qc8 13.b3 Nc6 14.h3 Qd8 15.Be3 Qa5
16.Qd2 Rac8 17.Ne1 Ng8 18.f4 f5 19.Nf3 fxe4 20.Nxe4 Qxd2 21.Nexd2 Nf6 22.g4
Bxg4 23.hxg4 Nxg4 24.Ng5+ hxg5 25.Bxg4 gxf4 26.Bxf4 Rcd8 27.Kg2 Nd4 28.Rce1 e5
29.Bg5 Rde8 30.Ne4 Nf5 31.Rd1 Re6 32.Bc1 Re7 33.Nxd6 Nxd6 34.Rxd6 {#r} 1-0

[Event "Olympiad (w)"]
[Site "masterchessopen.com Calvia (Spain)"]
[Date "2004.10.16"]
[Round "1"]
[White "Nguyen Thi Thanh An (VIE)"]
[Black "Mouradian Knarik (LIB)"]
[Result "1-0"]
[WhiteElo "2345"]
[BlackElo "2119"]

1.d4 Nf6 2.c4 g6 3.Nc3 Bg7 4.e4 d6 5.Be2 O-O 6.Bg5 h6 7.Bf4 c5 8.d5 Nbd7 9.Qd2
Kh7 10.h3 b5 11.cxb5 a6 12.bxa6 Bxa6 13.Bxa6 Rxa6 14.Nge2 Qc7 15.O-O Rb8
16.Rab1 Nb6 17.Qc2 Nfd7 18.Rfc1 Rba8 19.a3 Na4 20.Be3 Nxc3 21.Nxc3 Nb6 22.Qe2
Qd7 23.b4 cxb4 24.axb4 Bxc3 25.Rxc3 Qb7 26.Qb5 {#r} 1-0

[Event "Olympiad (w)"]
[Site "masterchessopen.com Calvia (Spain)"]
[Date "2004.10.20"]
[Round "6"]
[White "Cruz Evandra (BRA)"]
[Black "Tilenbaev Baktygul (KGZ)"]
[Result "1-0"]
[WhiteElo "2036"]
[BlackElo "1944"]

1.d4 Nf6 2.c4 d6 3.Nc3 g6 4.e4 Bg7 5.Be2 O-O 6.Bg5 h6 7.Be3 Nbd7 8.h4 Nh7
9.Qd2 h5 10.g4 Ndf6 11.gxh5 gxh5 12.Bh6 Ng4 13.Bxg7 Kxg7 14.f3 Nh6 15.Nh3 Ng8
16.Rg1+ Kh8 17.Ng5 e6 18.O-O-O f5 19.Rg2 f4 20.Nxh7 Kxh7 21.e5 Bd7 22.Qd3+ Rf5
23.Rdg1 Qe7 24.Qd2 Kh8 25.Bd3 Rff8 26.Rg5 Be8 27.Qg2 {#r} 1-0

[Event "Ch World (juniors) (under 12)"]
[Site "masterchessopen.com Heraklio (Greece)"]
[Date "2004.11.10"]
[Round "8"]
[White "Jorczik Julian (GER)"]
[Black "Zhao Nan (CHN)"]
[Result "0-1"]
[WhiteElo "2037"]
[BlackElo "2260"]

1.d4 Nf6 2.c4 g6 3.Nc3 Bg7 4.e4 d6 5.Bg5 O-O 6.Be2 h6 7.Be3 e5 8.d5 Nbd7 9.Qd2
Nc5 10.f3 a5 11.Bxh6 Nfxe4 12.Nxe4 Nxe4 13.fxe4 Qh4+ 14.g3 Qxh6 15.Nf3 f5
16.O-O-O fxe4 17.Ng5 Rf2 18.h4 Bg4 19.Bxg4 Rxd2 20.Be6+ Kf8 21.Rhf1+ Ke8
22.Rxd2 e3 23.Re2 Bf8 24.Rf6 Qh5 25.Rxe3 Bh6 26.Ref3 e4 27.Rf1 e3 28.Bf7+ Kd8
29.Bxg6 Qe2 30.Nf7+ Kc8 31.Nxh6 Qd2+ 32.Kb1 b5 33.Re6 Kb7 34.Rc1 a4 35.Ng4 a3
36.Bc2 Qd4 37.bxa3 Qxg4 38.Rxe3 bxc4 39.Be4 Ra6 40.Rxc4 Qd1+ {#R} 0-1

[Event "It (open)"]
[Site "masterchessopen.com Travemunde (Germany)"]
[Date "2004.12.29"]
[Round "5"]
[White "Stimpel Franz (GER)"]
[Black "Hesse Juergen (GER)"]
[Result "1-0"]
[WhiteElo "2320"]
[BlackElo "2136"]

1.d4 Nf6 2.c4 g6 3.Nc3 Bg7 4.e4 d6 5.Be2 O-O 6.Bg5 h6 7.Be3 c6 8.Qd2 Kh7 9.h4
e5 10.d5 c5 11.h5 g5 12.f3 Na6 13.g4 Ng8 14.Nh3 f6 15.Nf2 Bd7 16.O-O Re8 17.a3
Bf8 18.Rfb1 Ne7 19.b4 b6 20.Nd3 Nc8 21.a4 Nc7 22.a5 Na6 23.axb6 axb6 24.bxc5
dxc5 25.Nb5 Bxb5 26.cxb5 Nc7 27.Rxa8 Nxa8 28.Nb2 Nd6 29.Na4 Nb7 30.Qa2 Bd6
31.Ra1 Kg7 32.Nb2 Qc7 33.Nc4 Kf7 34.Qxa8 Rb8 35.Ra6 Na5 36.Nxd6+ {#r} 1-0

[Event "Ch Russia (w) (1 liga)"]
[Site "masterchessopen.com Kolontaevo (Russia)"]
[Round "5"]
[White "Shulakova Svetlana (RUS)"]
[Black "Severiukhina Zoja (RUS)"]
[Result "1-0"]
[WhiteElo "2187"]
[BlackElo "2108"]

1.d4 Nf6 2.c4 g6 3.Nc3 Bg7 4.e4 d6 5.Be2 O-O 6.Bg5 h6 7.Be3 Na6 8.Qd2 c5 9.d5
Kh7 10.f3 Qa5 11.g4 e6 12.h4 exd5 13.cxd5 Rb8 14.h5 gxh5 15.g5 hxg5 16.Bxg5
Rh8 17.Qf4 Qd8 18.Bd3 Kg8 19.Nge2 Nb4 20.Bb1 b5 21.Qh4 Qe7 22.Rg1 Kf8 23.Nf4
Na6 24.a3 Nc7 25.Bc2 a5 26.Kf2 b4 27.axb4 axb4 28.Nce2 Ba6 29.b3 Qe5 30.Nd3
Bxd3 31.Bxd3 c4 32.Bxc4 Ng4+ 33.fxg4 hxg4 34.Qxg4 Rh2+ 35.Ke3 Qb2 36.Be7+ Kxe7
37.Qxg7 Qxg7 38.Rxg7 Rbh8 39.Rag1 {#r} 1-0

[Event "Czech League 2004/05 (2nd) (c)"]
[Site "masterchessopen.com Czech Republic"]
[Date "2005.02.06"]
[Round "7"]
[White "Haba Zdenek (CZE)"]
[Black "Pirklova Hana (CZE)"]
[Result "1-0"]
[WhiteElo "2273"]
[BlackElo "2139"]

1.d4 Nf6 2.c4 g6 3.Nc3 Bg7 4.e4 d6 5.Be2 O-O 6.Bg5 h6 7.Be3 e5 8.d5 Ne8 9.Qd2
Kh7 10.O-O-O f5 11.exf5 gxf5 12.Bd3 Qf6 13.g4 Na6 14.h4 Nc5 15.Bb1 Kg8 16.g5
hxg5 17.hxg5 Qf7 18.f3 Bd7 19.Nge2 a6 20.g6 Qe7 21.Bh6 Nf6 22.b4 Na4 23.Nxa4
Bxa4 24.Bxf5 Bd7 25.Ng3 Bxh6 26.Rxh6 Kg7 27.Rdh1 Rh8 28.Qg5 Rae8 29.Bxd7 Qxd7
30.Nf5+ {#r} 1-0

[Event "Ch Slovenia (juniors) (under 16)"]
[Site "masterchessopen.com Sentjur (Slovenia)"]
[Date "2005.02.26"]
[Round "1"]
[White "Drnovsek Nejc (SLO)"]
[Black "Rozman Mitja (SLO)"]
[Result "1-0"]
[WhiteElo "2098"]
[BlackElo "2023"]

1.d4 Nf6 2.c4 g6 3.Nc3 Bg7 4.e4 d6 5.Be2 O-O 6.Bg5 h6 7.Be3 e5 8.d5 Ne8 9.Qd2
Kh7 10.h4 f5 11.f4 exf4 12.Bxf4 Nf6 13.exf5 Bxf5 14.O-O-O Nbd7 15.Bd3 Bxd3
16.Qxd3 Nc5 17.Qc2 Ng4 18.Nh3 Rf5 19.Qe2 Ne5 20.g4 Rf7 21.b4 Na6 22.Qe4 Nxg4
23.h5 Qf6 24.hxg6+ Kh8 25.Bd2 Nxb4 26.Kb1 Nf2 27.Nxf2 Re7 28.Ng4 Qxc3 29.Bxc3
Rxe4 30.Bxg7+ Kxg7 31.Nxh6 Rxc4 32.Rdg1 Nxd5 33.Nf5+ Kf6 34.g7 Kxf5 35.Rh8
Nc3+ 36.Kb2 Na4+ 37.Ka1 Rc2 38.Rxa8 Nc3 39.g8=Q {#r} 1-0

[Event "Ch Germany (team) (w)"]
[Site "masterchessopen.com Halle (Germany)"]
[Date "2005.04.15"]
[Round "2"]
[White "Lauterbach Ingrid (ENG)"]
[Black "Hund Isabel (GER)"]
[Result "1-0"]
[WhiteElo "2130"]
[BlackElo "2079"]

1.d4 Nf6 2.c4 g6 3.Nc3 Bg7 4.e4 d6 5.Be2 O-O 6.Bg5 h6 7.Be3 e5 8.d5 c6 9.dxc6
Nxc6 10.Qd2 Kh7 11.O-O-O Nd4 12.f3 a6 13.Kb1 Be6 14.h4 Rc8 15.b3 Qa5 16.Bxd4
exd4 17.Nd5 Qxd2 18.Nxf6+ Bxf6 19.Rxd2 Be5 20.Bd1 f5 21.Bc2 b5 22.cxb5 Rxc2
23.Kxc2 fxe4 24.fxe4 axb5 25.Nf3 Bf4 26.Rxd4 d5 27.Rxd5 Rc8+ 28.Kb2 Bxd5
29.exd5 Kg7 30.Re1 Bc7 31.Nd4 {#r} 1-0

[Event "Ch Ukraine (1/2 final)"]
[Site "masterchessopen.com Alushta (Ukraine)"]
[Date "2005.05.17"]
[Round "2"]
[White "Kamenets Anatolij (UKR)"]
[Black "Popov Sergey A (UKR)"]
[Result "1-0"]
[WhiteElo "2293"]
[BlackElo "2129"]

1.d4 Nf6 2.c4 g6 3.Nc3 Bg7 4.e4 d6 5.Be2 O-O 6.Bg5 h6 7.Be3 Nc6 8.h3 e5 9.d5
Ne7 10.g4 Nh7 11.Qd2 g5 12.h4 Ng6 13.hxg5 hxg5 14.f3 a6 15.Bf1 Re8 16.Nge2 b5
17.cxb5 axb5 18.Nxb5 Nh4 19.Ng1 Bf6 20.a3 Ba6 21.Na7 c5 22.Nc6 Qc7 23.Bxa6
Rxa6 24.Kf2 Ng6 25.Ne2 Nf4 26.Ng3 Nf8 27.Nf5 N8g6 28.b4 cxb4 29.axb4 Rxa1
30.Rxa1 Rb8 31.Ra7 Rb7 32.b5 {#r} 1-0

[Event "Ch Slovakia (open)"]
[Site "masterchessopen.com Trencianske Teplice (Slovakia)"]
[Round "6"]
[White "Kovacs Jozef (SVK)"]
[Black "Mesaros Jan (SVK)"]
[Result "1-0"]
[WhiteElo "2176"]
[BlackElo "1917"]

1.d4 Nf6 2.c4 g6 3.Nc3 Bg7 4.e4 d6 5.Be2 O-O 6.Bg5 h6 7.Be3 a6 8.Qd2 Kh7 9.h3
Nc6 10.Nf3 e5 11.d5 Ne7 12.g4 Nfg8 13.O-O-O Bd7 14.c5 Nc8 15.Kb1 Re8 16.Rc1
dxc5 17.Bxc5 Nd6 18.Bd3 b5 19.Nd1 Qb8 20.Ne3 a5 21.h4 Bf8 22.Rcg1 Nxe4 23.Bxe4
Bxc5 24.h5 Kg7 25.hxg6 fxg6 26.Nf5+ Bxf5 27.gxf5 Ra6 28.Rxg6+ Rxg6 29.fxg6 Bb4
30.Qc1 Qd8 31.Nh4 Ne7 32.Ng2 Rh8 33.Ne3 Bd6 34.Ng4 Ng8 35.Rh3 h5 36.Rf3 {#r}
1-0

[Event "It (open)"]
[Site "masterchessopen.com Dortmund (Germany)"]
[Date "2005.07.17"]
[Round "9"]
[White "Krueger Erich (GER)"]
[Black "Bashilin Roman (UKR)"]
[Result "0-1"]
[WhiteElo "2229"]
[BlackElo "2325"]

1.d4 Nf6 2.c4 g6 3.Nc3 d6 4.e4 Bg7 5.Be2 O-O 6.Bg5 h6 7.Be3 e5 8.d5 Nbd7 9.g4
Nc5 10.f3 Ne8 11.h4 f5 12.gxf5 gxf5 13.exf5 Bxf5 14.Qd2 Qf6 15.Nh3 e4 16.Nf2
exf3 17.Bxf3 a5 18.O-O-O a4 19.Rhg1 a3 20.Bd4 Qxh4 21.Bxg7 Nxg7 22.Bg4 Bh7
23.Nfe4 Bxe4 24.Nxe4 Nxe4 25.Qd4 Qf6 {#R} 0-1

[Event "Ch France (open) (b)"]
[Site "masterchessopen.com Chartres (France)"]
[Date "2005.08.24"]
[Round "8"]
[White "Castel Efflam (FRA)"]
[Black "Dureau Laurent (FRA)"]
[Result "0-1"]
[WhiteElo "1961"]
[BlackElo "1896"]

1.d4 Nf6 2.c4 g6 3.Nc3 Bg7 4.e4 d6 5.Be2 O-O 6.Bg5 h6 7.Be3 e5 8.d5 a5 9.a3 a4
10.g4 Bd7 11.g5 hxg5 12.Bxg5 Qe8 13.h4 Nh7 14.Qd2 Nxg5 15.Qxg5 f6 16.Qg3 Bh6
17.Bh5 Kh7 18.Be2 Bf4 {#R} 0-1

[Event "Ch Germany (seniors)"]
[Site "masterchessopen.com Essen (Germany)"]
[Date "2005.08.25"]
[Round "6"]
[White "Kuehler Wolfgang (GER)"]
[Black "Badestein Hartmut (GER)"]
[Result "1-0"]
[WhiteElo "2191"]
[BlackElo "2197"]

1.d4 Nf6 2.c4 g6 3.Nc3 Bg7 4.e4 d6 5.Be2 O-O 6.Bg5 h6 7.Bf4 c5 8.d5 a6 9.Qd2
Kh7 10.h4 e5 11.dxe6 Bxe6 12.Nf3 Re8 13.O-O-O Ng4 14.Ng5+ hxg5 15.hxg5+ Kg8
16.Bxg4 Bxg4 17.f3 Be6 18.g4 Nc6 19.Bxd6 Nd4 20.Qh2 f6 21.Qh7+ Kf7 22.Rh6 Qxd6
23.Rxg6 Rg8 24.gxf6 Bxc4 25.Rxg7+ Rxg7 26.Qxg7+ Ke6 27.e5 Qd7 28.Qg6 Kxe5
29.Re1+ Kf4 30.Qh6+ Kg3 31.Ne4+ {#r} 1-0

[Event "It (b) \"]
[Site "masterchessopen.com Lausanne (Switzerland)"]
[Date "2005.09.17"]
[Round "7"]
[White "Raetsky Alexander (RUS)"]
[Black "Burnier David (SUI)"]
[Result "0-1"]
[WhiteElo "2446"]
[BlackElo "2335"]

1.d4 Nf6 2.c4 g6 3.Nc3 Bg7 4.e4 d6 5.Be2 O-O 6.Bg5 h6 7.Be3 c5 8.d5 e6 9.Qd2
exd5 10.exd5 Kh7 11.h3 Re8 12.Bd3 b5 13.Nxb5 Ne4 14.Bxe4 Rxe4 15.Rc1 a6 16.Nc3
Rxc4 17.Nge2 a5 18.b3 Rb4 19.O-O Ba6 20.f4 Nd7 21.f5 g5 22.f6 Nxf6 23.Rf3 Kg8
24.Ng3 Nd7 25.Nce4 Ne5 26.Rf5 Bc8 27.Rcf1 Bxf5 28.Rxf5 a4 29.h4 axb3 30.axb3
gxh4 31.Nh5 Ra1+ 32.Rf1 Rxf1+ 33.Kxf1 Rxe4 34.Bxh6 Rg4 35.Bxg7 Rxg7 {#R} 0-1

[Event "It (open)"]
[Site "masterchessopen.com Bucharest (Romania)"]
[Date "2005.09.23"]
[Round "8"]
[White "Rogozenko Dorian (ROM)"]
[Black "Grunberg Mihai-Lucian (ROM)"]
[Result "1-0"]
[WhiteElo "2526"]
[BlackElo "2409"]

1.d4 g6 2.c4 Bg7 3.Nc3 Nf6 4.e4 O-O 5.Be2 d6 6.Bg5 h6 7.Be3 e5 8.d5 Na6 9.h4
Nc5 10.Qc2 Ng4 11.Bxg4 Bxg4 12.f3 Bd7 13.h5 g5 14.b4 Na6 15.a3 f5 16.exf5 e4
17.fxe4 Qe7 18.Nge2 Bxf5 19.O-O Bg4 20.Bd4 c5 21.dxc6 bxc6 22.Bxg7 Qxg7 23.Qd3
Rad8 24.c5 Nc7 25.cxd6 Ne6 26.b5 cxb5 27.Qd5 Kh8 28.e5 a6 29.Qe4 Bxh5 30.Nd5
Qa7+ 31.Kh2 Bxe2 32.Qxe2 Qd4 33.Rad1 Qh4+ 34.Kg1 Rxf1+ 35.Qxf1 Rf8 36.Nf6 Qa4
37.Qd3 Rf7 38.Rc1 {#r} 1-0

[Event "Ch Belgrade (team) (qual. liga)"]
[Site "masterchessopen.com Belgrade (Yugoslavia)"]
[Round "0"]
[White "Milentijevic Vojislav (SRB)"]
[Black "Peovic Milos (SRB)"]
[Result "1-0"]
[WhiteElo "2079"]
[BlackElo "2279"]

1.d4 Nf6 2.c4 g6 3.Nc3 Bg7 4.e4 d6 5.Be2 O-O 6.Bg5 h6 7.Be3 e5 8.d5 Ne8 9.Qd2
Kh7 10.f3 c6 11.Bd3 a6 12.Nge2 b5 13.cxb5 cxb5 14.b4 f5 15.a4 fxe4 16.fxe4
bxa4 17.Nxa4 Nd7 18.Nb2 Nef6 19.O-O Ng4 20.Nc4 Nxe3 21.Qxe3 Nf6 22.b5 Ng4
23.Rxf8 Bxf8 24.Qb6 Qh4 25.h3 axb5 26.Na5 Nf6 27.Qc6 Rxa5 {#r} 1-0

[Event "It (open)"]
[Site "masterchessopen.com Hamburg (Germany)"]
[Date "2005.10.06"]
[Round "6"]
[White "Schwerdtfeger Wolfgang (GER)"]
[Black "Dobrusina Anna (GER)"]
[Result "1-0"]
[WhiteElo "1888"]
[BlackElo "1553"]

1.d4 Nf6 2.c4 g6 3.Nc3 Bg7 4.e4 d6 5.Be2 O-O 6.Bg5 h6 7.Be3 e5 8.d5 Nfd7 9.g4
f5 10.gxf5 gxf5 11.exf5 Nf6 12.Bd3 Rf7 13.Nge2 Nh5 14.Qd2 Bxf5 15.Bxf5 Rxf5
16.Bxh6 Qf6 17.Bxg7 Qxg7 18.Rg1 Nf4 19.Rxg7+ Kxg7 20.Nxf4 Rxf4 21.O-O-O Nd7
22.Rg1+ Kf6 23.Qe2 Rh8 24.Ne4+ Ke7 25.f3 Rfh4 26.Rg2 Nf6 27.Nxf6 Kxf6 28.b3
Kf5 29.Qc2+ Kf4 30.Qe4# 1-0